00530nam a22001932a 450000100060000000300080000600500170001400800410003102000150007203500180008704000280010504100080013308200250014110000190016624500570018526000280024230000430027065000230031376049BD-RjUL20211209082800.0860101s1966 enka 000 0 eng d a0273404857 aBD-RjUL)76268 aDLCcIAFdUKMdEQObeng aeng a658.56223bLOP 19661 aLockyer, K. G.10aProduction control in practice /c[by] K. G. Lockyer aLondon :bPitman,c1966 axi, 196 p. :btables, diagrs. ;c23 cm 0aProduction control